000 01647nam a2200349 c 4500
003 BLK
005 20210525115135.0
008 180408b bul|||||r ||||||| ||bul||
010 _aKNG00096196000
020 _a978-954-28-0673-8
_bиздат.: Сиела Софт енд Паблишинг
040 _aBLK
041 _aBUL
_cBUL
072 7 _2bullib
_aН83
_xЧужда художествена литература Н
080 _aАмериканска литература (на САЩ)
_b821.111(73)
_x-31
_z821.111(73)-31
100 1 _aТрусони, Даниел
_eпърви автор
_9131609
700 1 _aБучкова, Юлия Петрова
_eпрев. от англ.
_gБучкова-Малеева, Юлия Петрова
_9363415
700 1 _aБучкова-Малеева, Юлия Петрова
_e*
_9365048
139 _aТрусони, Даниел
_bТ 87
245 1 0 _aАнгелология
_bРоман
_cДаниел Трусони; прев. от англ. Юлия Петрова Бучкова; * Юлия Петрова Бучкова-Малеева.
257 _aUSA
260 София
_bСиела Софт енд Паблишинг
_c2010
_fКостинброд : Мултипринт
300 _a568 с.
_c21 см
380 _aX
500 _aОриг. загл. Angelology / Danielle Trussoni. - Прев. известна като Юлия Петрова Бучкова-Малеева.
653 _aромани
659 _aН
852 _aЦб 248147
856 4 _qpdf
_u
856 4 _qpdf
_u
942 _cKNG
_n0
_012
944 _aCR
_c19.05.2010
_lф /
_kВиолета_Тройчева
944 _aED
_c14.08.2012
_lф /
_k
999 _c91439
_d91439